Management of large pelagic fisheries in CARICOM countries / (Record no. 16096)

000 -LEADER
fixed length control field 01475nam a2200205Ia 4500
020 ## - INTERNATIONAL STANDARD BOOK NUMBER
ISBN 9251051070
040 ## - CATALOGING SOURCE
Transcribing agency FQG
082 ## - DEWEY DECIMAL CLASSIFICATION NUMBER
Classification number 639 FOO 2004 A083 Or.
245 00 - TITLE STATEMENT
Title Management of large pelagic fisheries in CARICOM countries /
260 ## - PUBLICATION, DISTRIBUTION, ETC. (IMPRINT)
Place of publication Rome :
Name of publisher Food and Agriculture Organization of the United Nations,
Year of publication c2004
300 ## - PHYSICAL DESCRIPTION
Number of Pages xi, 149 p. :
Other physical details ill., maps ;
Dimensions 30 cm
490 1# - SERIES STATEMENT
Series statement FAO fisheries technical paper,
520 ## - SUMMARY, ETC.
Summary, etc Large pelagic fish are important to the small-scale, commercial and recreational fisheries in many Caribbean Community countries. As most are transboundary, their management requires collaboration among countries in the context of international fisheries agreements. The FAO Technical Cooperation Programme project described in this report sought to assist CARICOM countries in formulating an approach to the development and management of large pelagic fisheries. The project compiled and reviewed a wide range of material, including status of resources, fishery harvest and post-harvest sectors, status of national and regional management initiatives, and the extent to which countries are engaged in international management activities such as those undertaken by the International Commission for the Conservation of Atlantic Tunas (ICCAT)
650 #0 - SUBJECT ADDED ENTRY--TOPICAL TERM
Topical Term Fishery management
650 #0 - SUBJECT ADDED ENTRY--TOPICAL TERM
Topical Term Fisheries
700 1# - ADDED ENTRY--PERSONAL NAME
Personal name Mahon, Robin
700 1# - ADDED ENTRY--PERSONAL NAME
Personal name McConney, Patrick
710 2# - ADDED ENTRY--CORPORATE NAME
Corporate name or jurisdiction name as entry element Food and Agriculture Organization of the United Nations
942 ## - ADDED ENTRY ELEMENTS (KOHA)
Koha item type សៀវភៅភាសាអង់គ្លេស

No items available.

មជ្ឈមណ្ឌលឯការនៃសាកលវិទ្យាល័យភូមិន្ទកសិកម្មចំការដូង

Powered by Koha